| 000 | 01523cam a22003617a 4500 | ||
|---|---|---|---|
| 003 | OSt | ||
| 005 | 20170209170049.0 | ||
| 008 | 170209s2016 spca||| |||| 001 0ccat|d | ||
| 017 |
_aDL B 18603-2016 _bBiblioteca de Catalunya |
||
| 020 | _a9788416587469 | ||
| 040 |
_bcat _cCDMR |
||
| 100 | 1 |
_aFigueres i Artigues, Josep Maria _q(Josep Maria), _d1950- _913 |
|
| 245 | 1 | 0 |
_aPeriodistes indòmits _cJosep M. Figueres |
| 260 |
_aBarcelona : _bBase, _c2016 |
||
| 300 |
_a272 p. : _bil. ; _c24 cm |
||
| 500 | _aSubtítol a la coberta: Guerra Civil i exili | ||
| 504 | _aReferències bibliogràfiques. Índex | ||
| 600 | 1 | 7 |
_aAlmirall, Valentí _d1841-1904 _xBiografia _2lemac _9192 |
| 600 | 1 | 7 |
_aPrat de la Riba, Enric _d1870-1917 _xBiografia _2lemac _9924 |
| 600 | 1 | 7 |
_aRovira i Virgili, Antoni _d1882-1949 _xBiografia _2lemac _9139 |
| 600 | 1 | 7 |
_aCarner, Josep _d1884-1970 _xBiografia _2lemac _9509 |
| 600 | 1 | 7 |
_aEsteve, Lluís _xBiografia _2lemac |
| 600 | 1 | 7 |
_aCapdevila, Lluís _d1895-1980 _xBiografia _2lemac _92934 |
| 600 | 1 | 7 |
_aFoix, Pere, _d1893-1978 _xBiografia _2lemac |
| 600 | 1 | 7 |
_aGols i Soler, Joan, _d1894-1947 _xBiografia _2lemac |
| 600 | 1 | 7 |
_aCabruja, Agustí, _d1911-1983 _xBiografia _2lemac |
| 600 | 1 | 7 |
_aCalders, Pere _d1912-1994 _xBiografia _2lemac _9553 |
| 650 | 1 | 7 |
_aPeriodistes _zCatalunya _xBiografia _2lemac _92400 |
| 650 | 1 | 7 |
_aExiliats _zCatalunya _xBiografia _2lemac _93636 |
| 650 | 1 | 7 |
_aPeriodisme _zCatalunya _xHistòria _yS. XIX _2lemac _93172 |
| 650 | 1 | 7 |
_aPeriodisme _zCatalunya _xHistòria _yS. XX _2lemac _93172 |
| 942 | _cMON | ||
| 999 |
_c6998 _d6998 |
||